000 00374nam a2200145Ia 4500
008 231129s2004||||xx |||||||||||||| ||spa||
020 _a9974-7752-4-8
040 _bspa
082 _aR 649.1 L953e
100 _aLuján Barone Marí­a
245 0 _aEntre padres e hijos
260 _c2004
264 _aArquetipo
942 _2ddc
_cBKS
999 _c13206
_d13206